| 000 | 01093nam a22002177a 4500 | ||
|---|---|---|---|
| 003 | OSt | ||
| 005 | 20150408114212.0 | ||
| 008 | 140413s 2008mr ||||g b 00| 0 ara d | ||
| 040 | _ama-un | ||
| 082 |
_221 _a212.2 _bت م ت |
||
| 100 |
_aالتلمساني ، محمد بن عبد الرحيم بن محمد ، ت 654 هـ., _943817 |
||
| 245 |
_aالتذكرة في قبول المعذرة و فيما جاء في العفو عند المقدرة = _bAL - Tadhkira fi qabul al - madhira ... / _cمحمد بن عبدالرحيم بن محمد بن أبي العيش الأنصاري التلمساني ؛ دراسة وتحقيق عبدالرحمن بن محمد الهيباوي |
||
| 250 | _aط. 1. | ||
| 260 |
_aالرباط : _bالرابطة المحمدية للعلماء، _c2008 |
||
| 300 |
_a237 ص. ؛ _c24 سم. |
||
| 440 |
_aسلسلة نوادر التراث ؛ _v2 _943818 |
||
| 650 | _aالأخلاق الإسلامية | ||
| 650 |
_aالفضائل الإسلامية _913041 |
||
| 700 |
_aهيباوي ، عبد الرحمن محمد _eمحقق _943819 |
||
| 942 |
_2ddc _cBOOK |
||
| 999 |
_c34318 _d268818 |
||